=LDR 00000nam 2200000 4500 =001 INLIS000000000036168 =990 ##$$a 21101073 =005 20251030092644 =990 ##$$a 21101074 =035 ##$$a 0010-061300000036168 =008 251030###########################0#ind## =041 ##$$a Ind =082 ##$$a 028.5 =090 ##$$a 028.5, Rid k =100 ##$$a Ridel, Curd =245 1#$$a Kalau besar nanti aku ingin jadi bintang, /$c Curd Ridel =260 ##$$a Jakarta :$b Gramedia,$c 2010 =300 ##$$a 52 hlm, ilus, 24 cm : $b ilus ; $c 17 x 25 cm =650 #4$$a Bacaan kanak-kanak =850 ##$$a NBPNMAT =084 ##$$a 028.5 RID k =990 ##$$a 0001/BPAP-NTB/20142014 =990 ##$$a 0001/BPAP-NTB/20142014 =990 ##$$a 21101074 =990 ##$$a 0001/BPAP-NTB/20142014